|
|
|
|
| LEADER |
01041nam a22002177a 4500 |
| 001 |
41229 |
| 003 |
BD-DhAAL |
| 008 |
230531t2008 bg f000 0 ben d |
| 040 |
|
|
|a BD-DhAAL
|c BD-DhAAL
|
| 041 |
0 |
|
|a ben
|
| 082 |
0 |
0 |
|a 342.5492023
|2 23
|
| 100 |
|
|
|a রাব্বানী, মোহাম্মদ গোলাম.
|
| 245 |
0 |
0 |
|a গণপ্রজাতন্ত্রী বাংলাদেশের সংবিধান :
|b সহজ পাঠ /
|c মোহাম্মদ গোলাম রাব্বানী.
|
| 260 |
|
|
|a ঢাকা :
|b সমুন্নয়,
|c ২০০৮.
|
| 300 |
|
|
|a ১৩৮ পৃষ্ঠা ;
|c ২৬ সে.মি.
|
| 541 |
|
|
|a Donated By Akbar Ali Khan
|e 41229
|
| 650 |
|
0 |
|a Constitutions
|z Bangladesh.
|9 29774
|
| 852 |
1 |
|
|a Ayesha Abed Library
|c Akbar Ali Khan Collection
|
| 942 |
0 |
0 |
|2 ddc
|c BK
|
| 999 |
|
|
|c 45831
|d 45831
|
| 952 |
|
|
|0 0
|1 0
|2 ddc
|4 0
|6 342_549202300000000_RAB
|7 1
|9 73716
|a BRACUL
|b BRACUL
|c AAKC
|d 2023-05-31
|e Donated By Akbar Ali Khan
|l 0
|o 342.5492023 RAB
|p 3010041229
|r 2023-05-31
|t 1
|w 2023-05-31
|y BK
|